000 00605nam a2200229Ia 4500
003 OSt
005 20220928124957.0
006 a|||||r|||| 00| 0
007 ta
008 220927b |||||||| |||| 00| 0 eng d
024 _a47564
037 _cTextual
040 _aSDCL
_cSDCL
_beng
041 _2eng
_aeng
082 _aV3:1958'N4, H4
100 _aCoates Zelda K
_9467387
245 0 _aHistory of Anglo-Soviet relations
260 _aLondon
_bLawrence
_c1944
300 _axvi,816p
_ccm.
942 _hV3:1958'N4, H4
_cTEXL
_2CC
999 _c780241
_d780241